The Struts framework (E-BOOK) (Record no. 192004)
[ view plain ]
| 000 -LEADER | |
|---|---|
| fixed length control field | 01363 a2200277 4500 |
| 003 - CONTROL NUMBER IDENTIFIER | |
| control field | Nust |
| 005 - DATE AND TIME OF LATEST TRANSACTION | |
| control field | 20170207154028.0 |
| 010 ## - LIBRARY OF CONGRESS CONTROL NUMBER | |
| LC control number | 2002108513 |
| 020 ## - INTERNATIONAL STANDARD BOOK NUMBER | |
| International Standard Book Number | 1558608621 |
| 035 ## - SYSTEM CONTROL NUMBER | |
| System control number | (DLC) 2002108513 |
| 040 ## - CATALOGING SOURCE | |
| Transcribing agency | Nust |
| 082 ## - DEWEY DECIMAL CLASSIFICATION NUMBER | |
| Classification number | 005.2762 |
| 100 1# - MAIN ENTRY--PERSONAL NAME | |
| Personal name | Spielman, Sue. |
| 245 14 - TITLE STATEMENT | |
| Title | The Struts framework (E-BOOK) |
| Statement of responsibility, etc. | Sue Spielman. |
| 250 ## - EDITION STATEMENT | |
| Edition statement | 1st ed. |
| 260 ## - PUBLICATION, DISTRIBUTION, ETC. | |
| Place of publication, distribution, etc. | Boston : |
| Name of publisher, distributor, etc. | Morgan Kaufmann Publishers, |
| Date of publication, distribution, etc. | c2003. |
| 300 ## - PHYSICAL DESCRIPTION | |
| Extent | xiv, 137 p. : |
| Other physical details | ill. ; |
| Dimensions | 23 cm. |
| 440 #0 - SERIES STATEMENT/ADDED ENTRY--TITLE | |
| Title | Morgan Kaufmann practical guides series |
| 505 ## - FORMATTED CONTENTS NOTE | |
| Formatted contents note | Struts and Enterprise Web Technologies (Page-1 )Framework Components Overview (Page-11) Struts Development Plan (Page-21) Creating and Building Actions (Page-31) Creating and Building Action Forms (Page-45) Configuring Struts 59 Building Struts-Enabled JSPs (Page-75) Working with the Struts Custom Tag Libraries (Page-79) Internationalizing Your Struts Application (Page105) Configuring, Testing, and Rolling out Your Application (Page-111)Additional Useful Struts Packages and Extensions (Page-121) |
| 650 #0 - SUBJECT ADDED ENTRY--TOPICAL TERM | |
| Topical term or geographic name entry element | Java (Computer program language) |
| 650 #0 - SUBJECT ADDED ENTRY--TOPICAL TERM | |
| Topical term or geographic name entry element | Struts framework. |
| 650 #0 - SUBJECT ADDED ENTRY--TOPICAL TERM | |
| Topical term or geographic name entry element | Web site development. |
| 651 ## - SUBJECT ADDED ENTRY--GEOGRAPHIC NAME | |
| Geographic name | E-BOOK |
| 856 42 - ELECTRONIC LOCATION AND ACCESS | |
| Materials specified | Publisher description |
| Uniform Resource Identifier | <a href="http://www.loc.gov/catdir/description/els031/2002108513.html">http://www.loc.gov/catdir/description/els031/2002108513.html</a> |
| 856 42 - ELECTRONIC LOCATION AND ACCESS | |
| Materials specified | Table of contents |
| Uniform Resource Identifier | <a href="http://www.loc.gov/catdir/toc/els031/2002108513.html">http://www.loc.gov/catdir/toc/els031/2002108513.html</a> |
| 942 ## - ADDED ENTRY ELEMENTS (KOHA) | |
| Source of classification or shelving scheme | |
| Koha item type | Book |
| Withdrawn status | Lost status | Source of classification or shelving scheme | Damaged status | Not for loan | Collection code | Permanent Location | Current Location | Date acquired | Total Checkouts | Full call number | Barcode | Date last seen | Price effective from | Koha item type |
|---|---|---|---|---|---|---|---|---|---|---|---|---|---|---|
| Military College of Signals (MCS) | Military College of Signals (MCS) | 12/12/2016 | 005.2762 SPI | MCSEB-1178 | 12/08/2016 | 12/12/2016 | Book |
